| 000 | 00982cab a2200241 4500 | ||
|---|---|---|---|
| 001 | ABS52137 | ||
| 008 | 090401t1995 xxu||||| |||| 00| 0 eng d | ||
| 035 | _a(Sirsi) u63014 | ||
| 041 | _aeng | ||
| 100 | _aJessel, C. | ||
| 245 | _aImplications of the Agricultural Tenancies Bill | ||
| 260 | _c1995 | ||
| 350 | _a0 | ||
| 490 |
_aEstates Gazette _v(9504) 28 January 1995, 150-151(2) |
||
| 520 | _aOutlines aspects of the Agricultural Tenancies Bill which are still unclear and to which there may be further changes during its third reading in House of Lords. The Bill introduces Farm Business Tenancies, provides a rent review machinery and provides for compensation when the tenancy ends. | ||
| 650 | _aAGRICULTURAL TENANCIES BILL | ||
| 650 | _aPROPERTY-LANDLORD AND TENANT-TENANCIES-AGRICULTURAL TENANCIES | ||
| 650 | _aFARM BUSINESS TENANCIES | ||
| 650 | _aRENT REVIEWS | ||
| 690 | _aLANDLORD AND TENANT-AGRICULTURAL TENANCIES | ||
| 942 | _n0 | ||
| 948 | _c04/03/1997 | ||
| 999 |
_c39166 _d39166 |
||